| 000 | 00638nam a22001937a 4500 | ||
|---|---|---|---|
| 005 | 20251108171825.0 | ||
| 008 | 250721s1995 xx 000 0 ara d | ||
| 082 | 1 | 4 | _aط/750/سمي |
| 100 | 1 | _aالمرصفي، سميرة | |
| 245 | 1 | 0 |
_aأحلى فراشة : _bسن ما قبل المدرسة / |
| 264 | 1 |
_aالقاهرة : _bالهيئة المصرية العامة للكتاب، _c1995. |
|
| 300 | _a8ص | ||
| 490 | 0 | _aمسابقة سوزان مبارك ؛ 1995 | |
| 650 | 1 | 7 | _aالرسم |
| 650 | 1 | 7 | _aالتلوين |
| 653 | _aأطفال ما قبل المدرسة (0-5) سنوات | ||
| 942 |
_2ddc _cBK |
||
| 999 |
_c63512 _d63512 |
||